[Event "Kalavryta Rapid"]
[Site "Kalavryta"]
[Date "2013.12.08"]
[Round "7.5"]
[White "Deligiannis, Paraskevas"]
[Black "Katsigiannis, Pavlos"]
[Result "1/2-1/2"]
[WhiteElo "1597"]
[BlackElo "1654"]
[PlyCount "97"]
[EventDate "2013.12.07"]
[EventType "swiss (rapid)"]
[EventRounds "7"]
[EventCountry "GRE"]
[SourceTitle "EXT 2024"]
[Source "ChessBase"]
[SourceDate "2023.10.10"]
[SourceVersion "1"]
[SourceVersionDate "2023.10.10"]
[SourceQuality "1"]

1. e4 c5 2. f4 g6 3. Nf3 Bg7 4. c3 Nc6 5. d3 d6 6. g3 Nf6 7. Bg2 0-0 8. 0-0 Bg4 9. h3 Bxf3 10. Bxf3 Qc7 11. Kh2 e5 12. Na3 a6 13. Bg2 Rad8 14. f5 b5 15. Be3 Ne7 16. Qc1 Rfe8 17. fxg6 fxg6 18. Bh6 Rf8 19. Bxg7 Kxg7 20. Qg5 Rf7 21. Rf3 Rdf8 22. Raf1 Neg8 23. Nc2 Nh5 24. Ne3 Kh8 25. Nd5 Qd7 26. h4 Rxf3 27. Bxf3 Nhf6 28. Nxf6 Nxf6 29. Be2 Qg7 30. h5 gxh5 31. Qh4 Ng4+ 32. Kh3 Rxf1 33. Bxf1 Qf6 34. Qxh5 Nh6 35. Bg2 Qe6+ 36. Kh2 Kg7 37. Qg5+ Qg6 38. Qxg6+ Kxg6 39. Kh3 Kg5 40. Bf3 Ng8 41. Be2 h5 42. b3 Nf6 43. a4 Ng4 44. axb5 axb5 45. d4 b4 46. dxc5 dxc5 47. cxb4 cxb4 48. Bxg4 hxg4+ 49. Kg2 1/2-1/2

[Event "Kalavryta Rapid"]
[Site "Kalavryta"]
[Date "2013.12.08"]
[Round "6.5"]
[White "Polizou, Dionisia"]
[Black "Deligiannis, Paraskevas"]
[Result "0-1"]
[WhiteElo "1878"]
[BlackElo "1597"]
[PlyCount "104"]
[EventDate "2013.12.07"]
[EventType "swiss (rapid)"]
[EventRounds "7"]
[EventCountry "GRE"]
[SourceTitle "EXT 2024"]
[Source "ChessBase"]
[SourceDate "2023.10.10"]
[SourceVersion "1"]
[SourceVersionDate "2023.10.10"]
[SourceQuality "1"]

1. d4 d5 2. Nf3 Nf6 3. Bf4 e6 4. e3 c5 5. c3 Nc6 6. Bd3 c4 7. Bc2 b5 8. Nbd2 Bd6 9. Bg5 b4 10. e4 bxc3 11. bxc3 Be7 12. Ba4 Bd7 13. exd5 Nxd5 14. Bxe7 Qxe7 15. Qc1 0-0 16. Nxc4 Nxd4 17. cxd4 Bxa4 18. Qa3 Qxa3 19. Nxa3 Rab8 20. 0-0 Rfc8 21. Rab1 Nc3 22. Rxb8 Rxb8 23. Nc4 Nxa2 24. h3 Bb5 25. Nfd2 Nc3 26. Ra1 Bxc4 27. Nxc4 Rb1+ 28. Rxb1 Nxb1 29. Kf1 Nc3 30. Ke1 Nb5 31. Kd2 Nxd4 32. Kd3 Nc6 33. Nd6 Kf8 34. Kc4 Ke7 35. Kc5 Ne5 36. Nc8+ Kd7 37. Nxa7 Nd3+ 38. Kd4 Nxf2 39. Nb5 f5 40. Ke5 Nd3+ 41. Kd4 Ne1 42. g3 Nf3+ 43. Ke3 Ng5 44. h4 Nf7 45. Kf4 h6 46. h5 Ke7 47. Nc3 Kf6 48. Nb5 e5+ 49. Kf3 Kg5 50. Nc7 Kxh5 51. Ne6 Ng5+ 52. Nxg5 Kxg5 0-1

[Event "Kalavryta Rapid"]
[Site "Kalavryta"]
[Date "2013.12.07"]
[Round "2.7"]
[White "Kontogiannis, Georgios"]
[Black "Deligiannis, Paraskevas"]
[Result "1-0"]
[WhiteElo "1689"]
[BlackElo "1597"]
[PlyCount "71"]
[EventDate "2013.12.07"]
[EventType "swiss (rapid)"]
[EventRounds "7"]
[EventCountry "GRE"]
[SourceTitle "EXT 2024"]
[Source "ChessBase"]
[SourceDate "2023.10.10"]
[SourceVersion "1"]
[SourceVersionDate "2023.10.10"]
[SourceQuality "1"]

1. d4 d5 2. Nf3 Nf6 3. Bf4 e6 4. e3 c5 5. c3 Nc6 6. Bd3 c4 7. Bc2 Bd6 8. Bg3 b5 9. Nbd2 a5 10. a3 Bb7 11. Ne5 Bxe5 12. dxe5 Nd7 13. Nf3 b4 14. axb4 axb4 15. Rxa8 Qxa8 16. 0-0 bxc3 17. bxc3 f5 18. exf6 Nxf6 19. Ng5 Ke7 20. Qb1 h6 21. Bd6+ Kd7 22. Nf7 Rc8 23. Bg3 Nd8 24. Nd6 Rc6 25. Nxb7 Nxb7 26. Ba4 Qxa4 27. Qxb7+ Ke8 28. Qxg7 Ne4 29. Rb1 Rc8 30. Qg8+ Ke7 31. Qxc8 Nxg3 32. hxg3 Qc2 33. Rb7+ Kf6 34. Qf8+ Kg6 35. Rg7+ Kh5 36. Qf7+ 1-0

[Event "GRE-ch U16"]
[Site "Kallithea"]
[Date "2008.06.29"]
[Round "3"]
[White "Fragaki, Maria"]
[Black "Deligiannis, Paraskevas"]
[Result "1-0"]
[WhiteElo "1886"]
[BlackElo "1570"]
[PlyCount "103"]
[EventDate "2008.06.28"]
[EventType "swiss"]
[EventRounds "9"]
[EventCountry "GRE"]
[SourceTitle "EXT 2010"]
[Source "ChessBase"]
[SourceDate "2010.11.25"]
[SourceVersion "1"]
[SourceVersionDate "2010.11.25"]
[SourceQuality "1"]

1. e4 e5 2. Bc4 Nf6 3. d3 Nc6 4. Nf3 d5 5. exd5 Nxd5 6. h3 Bc5 7. 0-0 f6 8. Re1 Be6 9. c3 Qd6 10. a3 0-0-0 11. b4 Bb6 12. Bb3 Nde7 13. Bxe6+ Qxe6 14. Re2 Qf5 15. Rd2 Rd7 16. a4 a6 17. b5 Na5 18. c4 Rhd8 19. Ba3 c5 20. Ne1 Qf4 21. Bc1 Bc7 22. Re2 Qf5 23. Qc2 Ng6 24. Nc3 Ne7 25. Ne4 b6 26. Bd2 Nb7 27. bxa6 Nd6 28. Nc3 Nc6 29. a7 Nxa7 30. Nb5 Naxb5 31. axb5 Bb8 32. Ra6 Rb7 33. Bc3 Kc7 34. Qa4 Nc8 35. Bb2 Kd7 36. Qa3 Bd6 37. Nc2 Bc7 38. Ne3 Qh5 39. Re1 Ke8 40. Nd5 Rxd5 41. cxd5 Qf7 42. Ra8 Kd7 43. Qa2 Ne7 44. Qc4 Kd6 45. d4 exd4 46. Re6+ Kd7 47. Bxd4 Qh5 48. Bc3 Nxd5 49. g4 Qg5 50. h4 Qc1+ 51. Re1 Bh2+ 52. Kh1 1-0

[Event "GRE-ch U16"]
[Site "Kallithea"]
[Date "2008.06.28"]
[Round "1"]
[White "Malikentzos, Sotirios"]
[Black "Deligiannis, Paraskevas"]
[Result "1-0"]
[WhiteElo "2043"]
[BlackElo "1570"]
[PlyCount "80"]
[EventDate "2008.06.28"]
[EventType "swiss"]
[EventRounds "9"]
[EventCountry "GRE"]
[SourceTitle "EXT 2010"]
[Source "ChessBase"]
[SourceDate "2010.11.25"]
[SourceVersion "1"]
[SourceVersionDate "2010.11.25"]
[SourceQuality "1"]

1. d4 d5 2. Nf3 Nf6 3. c4 e6 4. g3 c5 5. cxd5 Nxd5 6. Bg2 Nc6 7. 0-0 Be7 8. Nc3 Nxc3 9. bxc3 0-0 10. e4 Bf6 11. Ba3 cxd4 12. Bxf8 Kxf8 13. cxd4 Nxd4 14. Nxd4 Qxd4 15. Qh5 h6 16. Rad1 Qe5 17. Qxe5 Bxe5 18. f4 Bc7 19. e5 Rb8 20. Kh1 Ke7 21. Rb1 Ba5 22. Rfc1 b5 23. a4 Bd7 24. Bc6 Bd2 25. Rc2 Bxc6+ 26. Rxc6 Ba5 27. Rxb5 Rxb5 28. axb5 Kd7 29. Kg2 Bc7 30. Kf3 h5 31. h3 f6 32. exf6 gxf6 33. g4 hxg4+ 34. Kxg4 a5 35. h4 f5+ 36. Kf3 e5 37. Rxc7+ Kxc7 38. h5 a4 39. h6 a3 40. h7 a2 1-0

[Event "Patron CC-ch"]
[Site "Greece"]
[Date "2008.01.02"]
[Round "2"]
[White "Pitselis, Grigorios"]
[Black "Deligiannis, Paraskevas"]
[Result "1-0"]
[WhiteElo "2132"]
[BlackElo "1578"]
[PlyCount "65"]
[EventDate "2008.01.02"]
[EventType "swiss"]
[EventRounds "7"]
[EventCountry "GRE"]
[SourceTitle "EXT 2010"]
[Source "ChessBase"]
[SourceDate "2010.11.25"]
[SourceVersion "1"]
[SourceVersionDate "2010.11.25"]
[SourceQuality "1"]

1. d4 d5 2. Nf3 Nf6 3. c4 e6 4. Nc3 c6 5. Bg5 Nbd7 6. e3 Qa5 7. Nd2 Bb4 8. Qc2 0-0 9. Bh4 e5 10. dxe5 Ne4 11. Ncxe4 dxe4 12. e6 Ne5 13. exf7+ Rxf7 14. a3 Nd3+ 15. Bxd3 exd3 16. Qd1 Bxd2+ 17. Qxd2 Qh5 18. Bg3 Bf5 19. 0-0 Re8 20. f3 Qg5 21. Bf4 Qd8 22. c5 Be6 23. Bd6 Bc4 24. Qc3 Ba6 25. e4 Qg5 26. Rf2 Rf6 27. Re1 Ree6 28. f4 Qh4 29. Be5 Rf7 30. Re3 Qg4 31. h3 Qh4 32. f5 Re8 33. Rg3 1-0

[Event "Patras op"]
[Site "Patras"]
[Date "2002.08.07"]
[Round "8.13"]
[White "Deligiannis, Paraskevas"]
[Black "Makropoulou, Marina"]
[Result "0-1"]
[WhiteElo "1800"]
[BlackElo "2300"]
[PlyCount "56"]
[EventDate "2002.08.??"]
[EventType "swiss"]
[EventRounds "9"]
[EventCountry "GRE"]
[SourceTitle "CBM 089 Extra"]
[Source "ChessBase"]
[SourceDate "2002.09.10"]
[SourceVersion "2"]
[SourceVersionDate "2002.09.10"]
[SourceQuality "1"]

1. d4 g6 2. c4 Bg7 3. Nc3 c5 4. d5 Bxc3+ 5. bxc3 f5 6. h4 Nf6 7. Bg5 Ne4 8. Qc2 Qa5 9. Bh6 Rg8 10. Rc1 d6 11. e3 Nd7 12. Bd3 Ne5 13. Ke2 Nxf2 14. Kxf2 Ng4+ 15. Ke2 Nxh6 16. Nh3 Ng4 17. Nf4 Bd7 18. h5 0-0-0 19. Rb1 Ne5 20. a3 Qa4 21. Qa2 g5 22. Ne6 Bxe6 23. dxe6 Qc6 24. Rhg1 Nxd3 25. Kxd3 Qe4+ 26. Kd2 d5 27. cxd5 Rxd5+ 28. Ke2 Rd3 0-1

[Event "Patras op"]
[Site "Patras"]
[Date "2002.08.06"]
[Round "7.25"]
[White "Fourfouris, Nikos"]
[Black "Deligiannis, Paraskevas"]
[Result "0-1"]
[WhiteElo "1575"]
[BlackElo "1800"]
[PlyCount "64"]
[EventDate "2002.08.??"]
[EventType "swiss"]
[EventRounds "9"]
[EventCountry "GRE"]
[SourceTitle "CBM 089 Extra"]
[Source "ChessBase"]
[SourceDate "2002.09.10"]
[SourceVersion "2"]
[SourceVersionDate "2002.09.10"]
[SourceQuality "1"]

1. d4 Nf6 2. c4 g6 3. Nc3 Bg7 4. e4 0-0 5. Nf3 d6 6. Be2 Nbd7 7. 0-0 e5 8. d5 a5 9. Ne1 Nc5 10. f3 Nh5 11. Be3 b6 12. Qd2 f5 13. Nc2 Nf6 14. Bd3 f4 15. Bf2 g5 16. Be2 h5 17. b4 Ncd7 18. bxa5 bxa5 19. Rfb1 g4 20. Rb5 Rf7 21. c5 dxc5 22. Bxc5 Nxc5 23. Rxc5 Bf8 24. Rb5 Bd7 25. Rbb1 Nh7 26. Bc4 Rg7 27. d6+ Kh8 28. dxc7 Qxc7 29. Bd5 gxf3 30. Bxa8 Rxg2+ 31. Qxg2 fxg2 32. Kxg2 Qxc3 0-1

[Event "Patras op"]
[Site "Patras"]
[Date "2002.08.01"]
[Round "1.45"]
[White "Deligiannis, Paraskevas"]
[Black "Mavromatis, V."]
[Result "1-0"]
[WhiteElo "1800"]
[BlackElo "1000"]
[PlyCount "45"]
[EventDate "2002.08.??"]
[EventType "swiss"]
[EventRounds "9"]
[EventCountry "GRE"]
[SourceTitle "CBM 089 Extra"]
[Source "ChessBase"]
[SourceDate "2002.09.10"]
[SourceVersion "2"]
[SourceVersionDate "2002.09.10"]
[SourceQuality "1"]

1. e4 d6 2. d4 Nf6 3. Bd3 g6 4. Ne2 Bg7 5. f3 e5 6. d5 c6 7. c4 0-0 8. Nbc3 Nfd7 9. Be3 Na6 10. a3 Nac5 11. Bc2 Rb8 12. b4 Na6 13. Bxa7 Ra8 14. Be3 Nb6 15. Bb3 Nd7 16. 0-0 f5 17. c5 dxc5 18. dxc6+ Kh8 19. cxd7 Bxd7 20. bxc5 Qe7 21. Nd5 Qd8 22. Nb6 Rf7 23. Nxa8 1-0